|
|
|
|
| LEADER |
00000nam a2200000 a 4500 |
| 001 |
UCI3523 |
| 003 |
CL-VaPUC |
| 008 |
071109e20050000SP |||||||||||||||||spa|d |
| 020 |
|
|
|a 8497322746
|
| 082 |
0 |
4 |
|a 621.392
|b ORT
|2 21
|
| 100 |
|
|
|a Ortega Lopera, Julio
|e autor
|9 524874
|
| 700 |
0 |
|
|a Anguita López, Mancia
|e author
|9 524875
|
| 700 |
0 |
|
|a Prieto Espinosa, Alberto
|e author
|9 524876
|
| 245 |
1 |
0 |
|a Arquitectura de computadores
|
| 300 |
|
|
|a 637 p
|
| 942 |
|
|
|c BK
|
| 945 |
|
|
|d 20071109 00:00:00
|a jtorresc
|
| 260 |
|
|
|a Madrid
|b Thomson
|c 2005
|
| 650 |
|
0 |
|a Arquitectura de computadores
|9 262439
|
| 650 |
|
7 |
|a COMPUTADORES ELECTRONICOS DIGITALES
|2 CL-VaPUC
|9 259415
|
| 583 |
|
|
|a last modification
|c 20071109 00:00:00
|k Rodrigo Vera
|
| 999 |
|
|
|c 327676
|d 327674
|
| 952 |
|
|
|0 0
|1 0
|2 ddc
|4 0
|6 621_392000000000000_ORT_2005
|7 0
|8 A
|9 410827
|a BIBING
|b BIBING
|c RES
|d 2019-11-22
|i 4386426
|o 621.392 ORT 2005
|p 4386426
|r 2025-01-20
|w 2019-11-22
|y BK
|k EIE
|
| 952 |
|
|
|0 0
|1 0
|2 ddc
|4 0
|6 621_392000000000000_ORT_2005
|7 0
|8 A
|9 410831
|a BIBING
|b BIBING
|c RES
|d 2019-11-22
|i 4387341
|o 621.392 ORT 2005
|p 4387341
|r 2025-01-20
|w 2019-11-22
|y BK
|k EIE
|
| 952 |
|
|
|0 0
|1 0
|2 ddc
|4 0
|6 621_392000000000000_ORT_2005
|7 0
|8 A
|9 410832
|a BIBING
|b BIBING
|c RES
|d 2019-11-22
|i 438735K
|o 621.392 ORT 2005
|p 438735K
|r 2025-01-20
|w 2019-11-22
|y BK
|k EIE
|